[Event "Speed Chess Q2 Sw"]
[Site "Chess.com INT"]
[Date "2023.08.23"]
[Round "13"]
[White "Eynullayev, Altay Elshan"]
[Black "Morales Garcia, Sergio Joshafatt"]
[Result "1-0"]
[WhiteElo "2214"]
[BlackElo "2221"]
[PlyCount "93"]
[EventDate "2023.08.23"]
[EventType "swiss (blitz)"]
[EventRounds "14"]
[EventCountry "USA"]
[SourceTitle "CBM 215 Extra"]
[Source "ChessBase"]
[SourceDate "2023.09.30"]
[SourceVersion "1"]
[SourceVersionDate "2023.09.30"]
[SourceQuality "1"]

1. d4 d5 2. Bf4 Nf6 3. e3 c5 4. Nf3 e6 5. Nbd2 Bd6 6. Bg3 0-0 7. c3 Qc7 8. Bd3 Nbd7 9. Qc2 e5 10. dxe5 Nxe5 11. Nxe5 Bxe5 12. Nf3 Bxg3 13. hxg3 h6 14. 0-0-0 Rb8 15. Bf5 b5 16. Rh4 Bxf5 17. Qxf5 b4 18. c4 dxc4 19. g4 Qc8 20. Qf4 c3 21. g5 cxb2+ 22. Kb1 Rd8 23. Rdh1 Nd5 24. Qc4 Qe6 25. gxh6 Nc3+ 26. Kxb2 Qxc4 27. Rxc4 gxh6 28. Rxh6 Rd1 29. Rg4+ Kf8 30. Rh8+ Ke7 31. Rxb8 Rb1+ 32. Kc2 Ra1 33. Rb7+ Kd6 34. Rxa7 Kc6 35. Nd2 Kb5 36. Nb3 Rf1 37. Ra5+ Kb6 38. Rxc5 Rxf2+ 39. Kd3 Nxa2 40. Rgc4 Rxg2 41. Rc6+ Ka7 42. Nd4 Nc3 43. Rxb4 Nd5 44. Nb5+ Kb7 45. Rcc4 Kb6 46. Nd4+ Ka5 47. Ra4+ 1-0

[Event "Speed Chess Q2 Sw"]
[Site "Chess.com INT"]
[Date "2023.08.23"]
[Round "10"]
[White "Tanenbaum, Zachary Chen"]
[Black "Eynullayev, Altay Elshan"]
[Result "1-0"]
[WhiteElo "2279"]
[BlackElo "2214"]
[PlyCount "55"]
[EventDate "2023.08.23"]
[EventType "swiss (blitz)"]
[EventRounds "14"]
[EventCountry "USA"]
[SourceTitle "CBM 215 Extra"]
[Source "ChessBase"]
[SourceDate "2023.09.30"]
[SourceVersion "1"]
[SourceVersionDate "2023.09.30"]
[SourceQuality "1"]

1. e4 c5 2. Nf3 d6 3. d4 cxd4 4. Nxd4 Nf6 5. Nc3 a6 6. Be3 e5 7. Nb3 Be7 8. h3 Be6 9. Qf3 0-0 10. 0-0-0 b5 11. g4 b4 12. Nd5 Nxd5 13. exd5 Bc8 14. Nd2 a5 15. Ne4 Ba6 16. g5 a4 17. Kb1 Nd7 18. Bxa6 Rxa6 19. h4 Nb6 20. h5 Nc4 21. g6 fxg6 22. Qe2 Qc7 23. hxg6 h6 24. Nc5 dxc5 25. Qxc4 Rd6 26. Qxc5 Qd8 27. Qxb4 Rxd5 28. Qc4 1-0

[Event "Titled Tuesday intern op 22nd Aug Early"]
[Site "Chess.com INT"]
[Date "2023.08.22"]
[Round "3"]
[White "Senft, Sean"]
[Black "Eynullayev, Altay Elshan"]
[Result "0-1"]
[WhiteElo "2146"]
[BlackElo "2214"]
[PlyCount "122"]
[EventDate "2023.08.22"]
[EventType "swiss (blitz)"]
[EventRounds "11"]
[EventCountry "USA"]
[SourceTitle "EXT 2024"]
[Source "ChessBase"]
[SourceDate "2023.10.10"]
[SourceVersion "1"]
[SourceVersionDate "2023.10.10"]
[SourceQuality "1"]

1. d4 Nf6 2. c4 e6 3. Nc3 Bb4 4. Nf3 0-0 5. Bg5 h6 6. Bh4 c5 7. e3 b6 8. Bd3 Bb7 9. 0-0 cxd4 10. exd4 d5 11. cxd5 Bxc3 12. bxc3 Qxd5 13. Bxf6 gxf6 14. Re1 Nc6 15. Re4 f5 16. Rh4 Kg7 17. Qd2 Rh8 18. Qf4 Rag8 19. Re1 Ne7 20. c4 Qa5 21. Qe5+ Qxe5 22. Nxe5 Rd8 23. d5 exd5 24. cxd5 Bxd5 25. a3 Rhe8 26. Rh3 Ng6 27. Rhe3 Nxe5 28. Rxe5 Rxe5 29. Rxe5 Be4 30. Be2 Rd2 31. Kf1 Ra2 32. f3 Kf6 33. Re8 Bc6 34. Rd8 Ke7 35. Rh8 Rxa3 36. Rxh6 Bd5 37. h4 Be6 38. Rh8 Kf6 39. g4 Kg7 40. Ra8 fxg4 41. fxg4 Ra4 42. Kf2 Bxg4 43. Bxg4 Rxg4 44. Rxa7 Rxh4 45. Rb7 Rb4 46. Ke3 Kg6 47. Kd3 f5 48. Kc3 Rb1 49. Kd4 Kg5 50. Ke5 Re1+ 51. Kd4 f4 52. Rxb6 Kg4 53. Rg6+ Kf3 54. Kd3 Re8 55. Rd6 Kf2 56. Kd2 f3 57. Rd3 Kg2 58. Rd7 f2 59. Rg7+ Kf1 60. Ra7 Rg8 61. Ke3 Kg1 0-1

[Event "Speed Chess Q1 Sw"]
[Site "Chess.com INT"]
[Date "2023.08.21"]
[Round "4"]
[White "Eynullayev, Altay Elshan"]
[Black "Bartel, Mateusz"]
[Result "0-1"]
[WhiteElo "2214"]
[BlackElo "2625"]
[PlyCount "64"]
[EventDate "2023.08.21"]
[EventType "k.o. (blitz)"]
[EventRounds "14"]
[EventCountry "USA"]
[SourceTitle "CBM 215 Extra"]
[Source "ChessBase"]
[SourceDate "2023.09.30"]
[SourceVersion "1"]
[SourceVersionDate "2023.09.30"]
[SourceQuality "1"]

1. d4 e6 2. Bf4 b6 3. e3 Bb7 4. Nd2 f5 5. Ngf3 Nf6 6. Bd3 Be7 7. c4 Nh5 8. Bg3 0-0 9. Qe2 d6 10. 0-0-0 Qe8 11. Kb1 Nd7 12. h3 Nxg3 13. fxg3 e5 14. e4 f4 15. gxf4 Rxf4 16. d5 Nc5 17. g3 Rf8 18. Bc2 a5 19. Rdf1 Ba6 20. Bd3 Rb8 21. Rc1 b5 22. cxb5 Nxd3 23. Qxd3 Rxb5 24. Qa3 Qb8 25. Rc3 Bc8 26. h4 Bd8 27. Rhc1 h6 28. Nb3 Qa7 29. Nbd2 Bg4 30. Ka1 Qf2 31. Qa4 Bxf3 32. Nxf3 Qxb2# 0-1

[Event "Speed Chess Q1 Sw"]
[Site "Chess.com INT"]
[Date "2023.08.21"]
[Round "7"]
[White "Livaic, Leon"]
[Black "Eynullayev, Altay Elshan"]
[Result "1-0"]
[WhiteElo "2558"]
[BlackElo "2214"]
[PlyCount "81"]
[EventDate "2023.08.21"]
[EventType "k.o. (blitz)"]
[EventRounds "14"]
[EventCountry "USA"]
[SourceTitle "CBM 215 Extra"]
[Source "ChessBase"]
[SourceDate "2023.09.30"]
[SourceVersion "1"]
[SourceVersionDate "2023.09.30"]
[SourceQuality "1"]

1. d4 Nf6 2. c4 e6 3. Nc3 Bb4 4. Qb3 c5 5. dxc5 Nc6 6. Nf3 Ne4 7. Bd2 Nxd2 8. Nxd2 f5 9. g3 Bxc5 10. Bg2 0-0 11. 0-0 b6 12. a3 Bb7 13. Qa2 a5 14. Na4 Rb8 15. Rad1 Nd4 16. e3 Bxg2 17. Kxg2 Nc6 18. Nf3 Qc7 19. Nc3 Qb7 20. Kg1 Kh8 21. Qb1 g5 22. h3 g4 23. hxg4 fxg4 24. Ng5 Rf5 25. Nge4 Ne5 26. Kg2 Rbf8 27. b4 axb4 28. axb4 Be7 29. c5 Nf3 30. Rh1 Ng5 31. Kg1 Nxe4 32. Qxe4 Qxe4 33. Nxe4 bxc5 34. Rxd7 R8f7 35. bxc5 Rd5 36. c6 Rxd7 37. cxd7 Bd8 38. Nc5 Bb6 39. Rh6 Rf8 40. Nxe6 Ra8 41. Ng5 1-0

[Event "Speed Chess Q1 Sw"]
[Site "Chess.com INT"]
[Date "2023.08.21"]
[Round "9"]
[White "Weetik, Vjacheslav"]
[Black "Eynullayev, Altay Elshan"]
[Result "0-1"]
[WhiteElo "2423"]
[BlackElo "2214"]
[PlyCount "76"]
[EventDate "2023.08.21"]
[EventType "k.o. (blitz)"]
[EventRounds "14"]
[EventCountry "USA"]
[SourceTitle "CBM 215 Extra"]
[Source "ChessBase"]
[SourceDate "2023.09.30"]
[SourceVersion "1"]
[SourceVersionDate "2023.09.30"]
[SourceQuality "1"]

1. d4 Nf6 2. c4 e6 3. g3 d5 4. Nf3 Bb4+ 5. Bd2 Be7 6. Bg2 0-0 7. 0-0 Nbd7 8. Qc2 c6 9. Rd1 b6 10. b3 Ba6 11. Bf4 Nh5 12. Bc1 f5 13. a4 Bd6 14. Ba3 Qe7 15. Bxd6 Qxd6 16. a5 b5 17. c5 Qe7 18. Nc3 b4 19. Na2 g5 20. Nxb4 Bb5 21. Nd3 g4 22. Nfe5 Ndf6 23. f3 Kh8 24. Rf1 gxf3 25. exf3 Rg8 26. Kf2 Raf8 27. Rg1 Ne4+ 28. Ke1 Qg5 29. f4 Qd8 30. Bf3 Nhf6 31. Kd1 Ng4 32. Bxg4 fxg4 33. Kc1 Qc7 34. Kb2 Rb8 35. Ra3 Rb7 36. Nf2 Nxf2 37. Qxf2 Rgb8 38. Qe3 Bc4 0-1

[Event "Titled Tuesday intern op 15th Aug Early"]
[Site "Chess.com INT"]
[Date "2023.08.15"]
[Round "9"]
[White "Eynullayev, Altay Elshan"]
[Black "Kushko, Dmitriy"]
[Result "0-1"]
[WhiteElo "2214"]
[BlackElo "2426"]
[PlyCount "82"]
[EventDate "2023.08.15"]
[EventType "swiss (blitz)"]
[EventRounds "11"]
[EventCountry "USA"]
[SourceTitle "EXT 2024"]
[Source "ChessBase"]
[SourceDate "2023.10.10"]
[SourceVersion "1"]
[SourceVersionDate "2023.10.10"]
[SourceQuality "1"]

1. e4 g6 2. d4 Bg7 3. Nc3 d6 4. Bg5 a6 5. Nf3 b5 6. Bd3 Nd7 7. 0-0 c5 8. dxc5 Nxc5 9. Re1 Bb7 10. a3 Nf6 11. Qd2 0-0 12. Bh6 Rc8 13. Rad1 e5 14. Bg5 Qb6 15. Bxf6 Bxf6 16. Bf1 Rfd8 17. Nd5 Bxd5 18. Qxd5 Ne6 19. c3 Rc5 20. Qb3 Rc7 21. g3 Qc6 22. h4 Nc5 23. Qd5 Qxd5 24. Rxd5 Na4 25. Rd2 Kf8 26. Red1 Ke7 27. Be2 h5 28. Kg2 Bg7 29. Rb1 Bh6 30. Rdd1 Nc5 31. Bd3 d5 32. Nxe5 Bg7 33. f4 Bxe5 34. fxe5 dxe4 35. Bc2 Rcd7 36. Rxd7+ Rxd7 37. Rf1 Rd5 38. b4 Nd3 39. Bb3 Rxe5 40. Rxf7+ Ke8 41. Rf6 e3 0-1

[Event "Titled Tuesday intern op 25th Jul Early"]
[Site "Chess.com INT"]
[Date "2023.07.25"]
[Round "2"]
[White "Iturrizaga Bonelli, Eduardo"]
[Black "Eynullayev, Altay Elshan"]
[Result "1-0"]
[WhiteElo "2617"]
[BlackElo "2214"]
[PlyCount "121"]
[EventDate "2023.07.25"]
[EventType "swiss (blitz)"]
[EventRounds "11"]
[EventCountry "USA"]
[SourceTitle "EXT 2024"]
[Source "ChessBase"]
[SourceDate "2023.10.10"]
[SourceVersion "1"]
[SourceVersionDate "2023.10.10"]
[SourceQuality "1"]

1. c4 Nf6 2. g3 e6 3. Bg2 d5 4. d4 Bb4+ 5. Bd2 Be7 6. Nf3 0-0 7. 0-0 Nbd7 8. Qc2 c6 9. Bf4 b6 10. Nbd2 Nh5 11. Be3 f5 12. Ne5 Nxe5 13. dxe5 d4 14. Bf4 g5 15. Bxg5 Bxg5 16. f4 Be7 17. Bxc6 Rb8 18. Bf3 Ng7 19. Nb3 Bb7 20. Rad1 Bxf3 21. Rxf3 Rb7 22. Rfd3 Rd7 23. e3 a5 24. exd4 a4 25. Nc1 Qc7 26. Qxa4 Rfd8 27. Ne2 Qb7 28. d5 Bc5+ 29. Kf1 Ne8 30. b4 Bf8 31. Nc3 Nc7 32. Qb3 b5 33. c5 Nxd5 34. Nxd5 Rxd5 35. Rxd5 Rxd5 36. Rxd5 exd5 37. Qd3 Qd7 38. Kf2 Kf7 39. Qe2 d4 40. Qf3 Ke6 41. Qb3+ Qd5 42. Qxd5+ Kxd5 43. Ke2 Kc4 44. a3 Kb3 45. Kd3 Be7 46. c6 Bd8 47. e6 Kxa3 48. c7 Bxc7 49. e7 Kxb4 50. e8Q Bb6 51. Qe7+ Bc5 52. Qe6 Ka4 53. Qxf5 Bb4 54. Qxh7 Kb3 55. Kxd4 Bc3+ 56. Kd3 b4 57. Qf7+ Kb2 58. Kc4 b3 59. Qb7 Ka1 60. Qxb3 Bb2 61. Kd3 1-0

[Event "Titled Tuesday intern op 25th Jul Early"]
[Site "Chess.com INT"]
[Date "2023.07.25"]
[Round "11"]
[White "Morefield, Jason P"]
[Black "Eynullayev, Altay Elshan"]
[Result "1-0"]
[WhiteElo "2226"]
[BlackElo "2214"]
[PlyCount "149"]
[EventDate "2023.07.25"]
[EventType "swiss (blitz)"]
[EventRounds "11"]
[EventCountry "USA"]
[SourceTitle "EXT 2024"]
[Source "ChessBase"]
[SourceDate "2023.10.10"]
[SourceVersion "1"]
[SourceVersionDate "2023.10.10"]
[SourceQuality "1"]

1. d4 Nf6 2. c4 e6 3. Nf3 d5 4. Nc3 Nbd7 5. Bf4 Bb4 6. e3 Bxc3+ 7. bxc3 c5 8. cxd5 Nxd5 9. Bd3 Nxf4 10. exf4 Nf6 11. 0-0 0-0 12. Ne5 Qc7 13. Rb1 b6 14. a4 Bb7 15. a5 bxa5 16. Qa4 Nd5 17. Qb5 Rfb8 18. Qxc5 Qd8 19. Be4 Rc8 20. Qb5 Rab8 21. Qd3 Rxc3 22. Bxh7+ Kf8 23. Qd2 Rc7 24. Be4 Nb4 25. Bxb7 Rbxb7 26. Rfd1 Qd5 27. g3 Rc2 28. Qe3 Rbc7 29. Re1 R7c3 30. Qe4 Qxe4 31. Rxe4 Rc1+ 32. Rxc1 Rxc1+ 33. Kg2 Rb1 34. Nd7+ Ke7 35. Nc5 Rb2 36. f5 Kd6 37. fxe6 fxe6 38. Rxe6+ Kd5 39. Re7 Kxd4 40. Ne6+ Kc3 41. Rxa7 Ra2 42. Nf4 a4 43. h4 a3 44. Rxg7 Rb2 45. Ra7 a2 46. h5 Nc2 47. h6 a1Q 48. Rxa1 Nxa1 49. h7 Rb8 50. Ng6 Nc2 51. h8Q+ Rxh8 52. Nxh8 Nd4 53. Ng6 Kc4 54. Nf4 Nf5 55. Kf3 Kd4 56. Kg4 Ke5 57. Kg5 Nd4 58. Nh5 Nf3+ 59. Kg4 Nd2 60. f4+ Ke6 61. Kg5 Ne4+ 62. Kg6 Ke7 63. g4 Nf2 64. g5 Nh3 65. f5 Nf2 66. f6+ Kf8 67. Nf4 Ng4 68. Ne6+ Ke8 69. f7+ Kd7 70. f8Q Ne5+ 71. Kf5 Nc6 72. Qc5 Ne7+ 73. Kf6 Nc6 74. Qd5+ Ke8 75. Qxc6# 1-0

[Event "Titled Tuesday intern op 25th Jul Early"]
[Site "Chess.com INT"]
[Date "2023.07.25"]
[Round "4"]
[White "Szente Varga, Fruzsina"]
[Black "Eynullayev, Altay Elshan"]
[Result "1-0"]
[WhiteElo "2075"]
[BlackElo "2214"]
[PlyCount "149"]
[EventDate "2023.07.25"]
[EventType "swiss (blitz)"]
[EventRounds "11"]
[EventCountry "USA"]
[SourceTitle "EXT 2024"]
[Source "ChessBase"]
[SourceDate "2023.10.10"]
[SourceVersion "1"]
[SourceVersionDate "2023.10.10"]
[SourceQuality "1"]

1. e4 c5 2. Nf3 d6 3. d4 cxd4 4. Qxd4 Nc6 5. Bb5 a6 6. Bxc6+ bxc6 7. c4 e5 8. Qd3 Be7 9. Nc3 Be6 10. b3 Qc7 11. Ba3 Nf6 12. 0-0 0-0 13. Rad1 Rae8 14. Bxd6 Bxd6 15. Qxd6 Qa5 16. Qd2 Qc7 17. h3 Rd8 18. Qe3 Qa5 19. Na4 Nd7 20. Qc3 Qxc3 21. Nxc3 f6 22. Rd6 Nc5 23. Rxc6 Rc8 24. Rxc8 Rxc8 25. Rd1 Kf7 26. Kf1 g5 27. Ke2 h5 28. Ke3 g4 29. hxg4 hxg4 30. Nh4 g3 31. f4 exf4+ 32. Kxf4 Rg8 33. Nf5 Rg5 34. Nxg3 Rg4+ 35. Kf3 Rg5 36. Kf2 a5 37. Rd6 Nd7 38. Ra6 Ne5 39. Nd5 Nd3+ 40. Kf3 Ne5+ 41. Kf4 Rg4+ 42. Ke3 Rxg3+ 43. Kd4 Rd3+ 44. Kc5 Nd7+ 45. Kd6 Rd2 46. Rxa5 Rxg2 47. Nf4 Rd2+ 48. Nd5 Ne5 49. Ra7+ Nd7 50. Rxd7+ Bxd7 51. Kxd7 Rxa2 52. b4 Ra7+ 53. Kd6 Ke8 54. b5 Rd7+ 55. Kc5 Kd8 56. b6 Kc8 57. Nxf6 Rf7 58. Nd5 Rf1 59. e5 Re1 60. Kd6 Rh1 61. c5 Rh6+ 62. e6 Kb7 63. Kd7 Rh5 64. c6+ Ka6 65. Kd6 Rh6 66. b7 Ka7 67. Kc7 Rh7+ 68. e7 Rxe7+ 69. Nxe7 Ka6 70. b8Q Ka5 71. Qb6+ Ka4 72. Nd5 Ka3 73. Qb4+ Ka2 74. Nc3+ Ka1 75. Qb1# 1-0

[Event "Titled Tuesday intern op 27th Jun Early"]
[Site "Chess.com INT"]
[Date "2023.06.27"]
[Round "1"]
[White "Eynullayev, Altay Elshan"]
[Black "Bacrot, Etienne"]
[Result "0-1"]
[WhiteElo "2214"]
[BlackElo "2672"]
[PlyCount "106"]
[EventDate "2023.06.27"]
[EventType "swiss (blitz)"]
[EventRounds "11"]
[EventCountry "USA"]
[SourceTitle "EXT 2024"]
[Source "ChessBase"]
[SourceDate "2023.10.10"]
[SourceVersion "1"]
[SourceVersionDate "2023.10.10"]
[SourceQuality "1"]

1. e4 c5 2. Nf3 d6 3. d4 cxd4 4. Nxd4 Nf6 5. Nc3 Nc6 6. Bg5 e6 7. Bb5 Bd7 8. Qd3 Qb6 9. 0-0-0 Nxd4 10. Bxd7+ Nxd7 11. Qxd4 Qxd4 12. Rxd4 a6 13. Rhd1 Rc8 14. Kb1 h5 15. h4 Rc6 16. f3 Be7 17. Bxe7 Kxe7 18. Ne2 Rhc8 19. c3 Ne5 20. Nf4 g6 21. Nh3 Nc4 22. Ng5 Rb6 23. b3 Ne3 24. R1d3 e5 25. Rxe3 exd4 26. cxd4 Rbc6 27. Re2 Rc1+ 28. Kb2 Rd1 29. d5 Rcc1 30. Nh3 Re1 31. Rd2 Rb1+ 32. Ka3 Red1 33. Rc2 Rdc1 34. Re2 Rc5 35. Nf4 Rd1 36. Kb2 a5 37. Nh3 b5 38. Ng5 b4 39. e5 Rcxd5 40. exd6+ Kxd6 41. Nxf7+ Kc7 42. Rc2+ Kb7 43. Nh8 Rd6 44. Nf7 R6d2 45. Ne5 Rxc2+ 46. Kxc2 Rg1 47. g4 hxg4 48. fxg4 Kc7 49. Nxg6 Rxg4 50. h5 Rg2+ 51. Kd3 Rxa2 52. Kc4 Rh2 53. Nf4 Rh4 0-1

[Event "Titled Tuesday intern op 27th Jun Early"]
[Site "Chess.com INT"]
[Date "2023.06.27"]
[Round "4"]
[White "Guzman Lozano, Campo Elias"]
[Black "Eynullayev, Altay Elshan"]
[Result "0-1"]
[WhiteElo "1924"]
[BlackElo "2214"]
[PlyCount "102"]
[EventDate "2023.06.27"]
[EventType "swiss (blitz)"]
[EventRounds "11"]
[EventCountry "USA"]
[SourceTitle "EXT 2024"]
[Source "ChessBase"]
[SourceDate "2023.10.10"]
[SourceVersion "1"]
[SourceVersionDate "2023.10.10"]
[SourceQuality "1"]

1. c4 Nf6 2. Nc3 e5 3. g3 d5 4. cxd5 Nxd5 5. Bg2 Nb6 6. d3 Be7 7. Nf3 Nc6 8. 0-0 0-0 9. a4 a5 10. b3 Be6 11. Bb2 Qd7 12. Ne4 f6 13. Rc1 Rfd8 14. Nc5 Bxc5 15. Rxc5 Nb4 16. Ba3 c6 17. Qd2 Qe7 18. Bxb4 axb4 19. Rfc1 Nd5 20. Ne1 Nc3 21. R1xc3 bxc3 22. Rxc3 Qd7 23. Nc2 Bd5 24. Bf1 h5 25. Ne3 Be6 26. h4 Qf7 27. Nc4 Rd4 28. Qe3 Rad8 29. a5 Qg6 30. Kh2 Bf5 31. Bg2 e4 32. dxe4 Bxe4 33. f3 Bf5 34. Qe7 R4d7 35. Qc5 Rd1 36. e4 Be6 37. Ne3 R1d2 38. Qe7 Bc8 39. Nd5 Re8 40. Qd6 cxd5 41. Qxd5+ Be6 42. Qxb7 Ra2 43. a6 Qf7 44. Rc7 Qg6 45. a7 Qh6 46. Qb5 Ra8 47. Re7 R2xa7 48. Rxe6 Ra2 49. Qd5 Kh7 50. Kh3 Qd2 51. Qf5+ Kg8 0-1

[Event "Speed Chess Q2"]
[Site "Chess.com INT"]
[Date "2022.11.12"]
[Round "11"]
[White "Eynullayev, Altay Elshan"]
[Black "Melian, Juan Sebastian"]
[Result "1-0"]
[WhiteElo "2214"]
[BlackElo "2150"]
[PlyCount "167"]
[EventDate "2022.11.12"]
[EventType "swiss (blitz)"]
[EventRounds "14"]
[EventCountry "USA"]
[SourceTitle "CBM 211 Extra"]
[Source "ChessBase"]
[SourceDate "2023.01.31"]
[SourceVersion "1"]
[SourceVersionDate "2023.01.31"]
[SourceQuality "1"]

1. e4 c5 2. Nf3 e6 3. d4 cxd4 4. Nxd4 a6 5. Bd3 Nf6 6. 0-0 d6 7. c4 g6 8. Nc3 Bg7 9. Nf3 0-0 10. Bf4 Nc6 11. Be2 e5 12. Bg5 Be6 13. Nd5 Bxd5 14. cxd5 Ne7 15. Nd2 Nd7 16. Be3 f5 17. f3 Rc8 18. Nc4 Nf6 19. Qb3 b5 20. Nd2 Qd7 21. a4 Rb8 22. axb5 axb5 23. Ra7 Qe8 24. Qb4 Nc8 25. Ra5 Nd7 26. Rxb5 Rxb5 27. Bxb5 Qd8 28. Bc6 fxe4 29. Nxe4 Nf6 30. Ra1 Nxe4 31. Qxe4 Bf6 32. b4 Bg5 33. Bf2 Qc7 34. b5 Rf4 35. Qb1 Nb6 36. Ra6 Rd4 37. Bxd4 exd4 38. Qe4 Be3+ 39. Kf1 Kg7 40. Ke2 Qd8 41. h4 Nc4 42. Ra7+ Kh6 43. Qe7 d3+ 44. Kxd3 Qh8 45. Qe4 Bxa7 46. Qf4+ Kg7 47. Kxc4 Qd8 48. h5 gxh5 49. Qf5 Qe7 50. Qe6 Qh4+ 51. Kb3 Bc5 52. Qd7+ Kh6 53. Qe6+ Kg7 54. Qd7+ Kh6 55. Qe8 Qb4+ 56. Kc2 Qc4+ 57. Kd2 Bb4+ 58. Ke3 Qc1+ 59. Ke4 Qe1+ 60. Kf5 Qb1+ 61. Ke6 Qe1+ 62. Kf7 Kg5 63. Qxe1 Bxe1 64. b6 Ba5 65. b7 Bc7 66. Ke6 Kf4 67. Kd7 Bb8 68. Kc8 Ba7 69. b8Q Bxb8 70. Kxb8 Kg3 71. Kc7 Kxg2 72. Kxd6 h4 73. Bd7 h3 74. Ke7 h2 75. d6 h1Q 76. Bc6 Qh4+ 77. Kd7 Qd4 78. Kc7 Qa7+ 79. Bb7 Qa5+ 80. Kd7 Kg3 81. Bc6 h5 82. Ke6 Qa2+ 83. Ke7 Qe2+ 84. Be4 1-0

[Event "Speed Chess Q2"]
[Site "Chess.com INT"]
[Date "2022.11.12"]
[Round "14"]
[White "Eynullayev, Altay Elshan"]
[Black "Yuan, Qingyu"]
[Result "0-1"]
[WhiteElo "2214"]
[BlackElo "2373"]
[PlyCount "92"]
[EventDate "2022.11.12"]
[EventType "swiss (blitz)"]
[EventRounds "14"]
[EventCountry "USA"]
[SourceTitle "CBM 211 Extra"]
[Source "ChessBase"]
[SourceDate "2023.01.31"]
[SourceVersion "1"]
[SourceVersionDate "2023.01.31"]
[SourceQuality "1"]

1. e4 c6 2. d4 d5 3. e5 c5 4. dxc5 e6 5. Nf3 Bxc5 6. a3 f6 7. b4 Be7 8. Bb2 a5 9. b5 Nd7 10. Nbd2 Nh6 11. Bd3 Nf7 12. exf6 Bxf6 13. Bxf6 Qxf6 14. c4 Nc5 15. Bc2 a4 16. cxd5 exd5 17. 0-0 0-0 18. Rb1 b6 19. Rb4 Bf5 20. Nd4 Bd3 21. Re1 Nd6 22. N2f3 Bxc2 23. Qxc2 Nc4 24. Rd1 Nxa3 25. Qa2 Nc4 26. Ne2 Rad8 27. h3 Kh8 28. Ned4 h6 29. Re1 Nd3 30. Re6 Nxb4 31. Qxa4 Qf4 32. Qxb4 Rde8 33. Re7 Qf6 34. Rxe8 Rxe8 35. g3 Re4 36. Qc3 Kh7 37. Kg2 Kh8 38. Qd3 Ne5 39. Nxe5 Qxe5 40. Nf3 Qe6 41. Qc2 Rc4 42. Qd3 Qe4 43. Qd2 Rc5 44. Qd1 Rc3 45. g4 Rd3 46. Kg3 Rxd1 0-1

[Event "Speed Chess Q2"]
[Site "Chess.com INT"]
[Date "2022.11.12"]
[Round "7"]
[White "Rohit, Krishna S"]
[Black "Eynullayev, Altay Elshan"]
[Result "1-0"]
[WhiteElo "2380"]
[BlackElo "2214"]
[PlyCount "51"]
[EventDate "2022.11.12"]
[EventType "swiss (blitz)"]
[EventRounds "14"]
[EventCountry "USA"]
[SourceTitle "CBM 211 Extra"]
[Source "ChessBase"]
[SourceDate "2023.01.31"]
[SourceVersion "1"]
[SourceVersionDate "2023.01.31"]
[SourceQuality "1"]

1. e4 c5 2. d4 cxd4 3. Nf3 d6 4. Nxd4 a6 5. c4 Nf6 6. Nc3 e6 7. f4 Be7 8. Be3 Nc6 9. Qf3 e5 10. Nxc6 bxc6 11. f5 d5 12. exd5 cxd5 13. cxd5 Bb7 14. Rd1 Qa5 15. Bc4 Rc8 16. Bb3 e4 17. Qg3 0-0 18. d6 Bd8 19. 0-0 Bb6 20. Kh1 Rcd8 21. Bh6 Nh5 22. Qg4 Kh8 23. Qxh5 gxh6 24. Qxh6 Qe5 25. Bd5 Rxd6 26. Qxf8# 1-0